| 000 | 00000nas 2200000za 4500 |
| 001 | 9.507309 |
| 003 | CaOODSP |
| 005 | 20221107133750 |
| 007 | cr ||||||||||| |
| 008 | 150406d20042006oncar p o f0 a0eng|d |
| 022 | |a1910-0442 |
| 040 | |aCaOODSP|beng |
| 043 | |an-cn--- |
| 086 | 1 |aCP51-2E-PDF |
| 110 | 1 |aCanada.|bPublic Service Human Resources Management Agency of Canada. |
| 222 | 0|aAnnual report on official languages |b(Public Service Human Resources Management Agency of Canada) |
| 240 | 10|aAnnual report on official languages (Online) |
| 245 | 10|aAnnual report on official languages |h[electronic resource] / |bannual report to Parliament. |
| 260 | |a[Ottawa] : |bPublic Service Human Resources Management Agency of Canada |cc2004-c2007. |
| 310 | |aAnnual |
| 362 | 1 |aBegan with 2003/2004; ceased with 2005/2006. |
| 690 | 07|aAnnual reports|2gcpds |
| 690 | 07|aOfficial languages|2gcpds |
| 775 | 08|tRapport annuel sur les langues officielles |w(CaOODSP)9.503698 |
| 780 | 00|tAnnual report on official languages. |w(CaOODSP)9.878237 |
| 785 | 00|tAnnual report on official languages |w(CaOODSP)9.505647 |